Регионална библиотека "Любен Каравелов" - Русе

Зимни гости (Запис номер 139823)

MARC детайли
000 -Лидер
Контролно поле с фиксирана дължина 01443nam a2200337 c 4500
003 - Код на организацията, давaща контролен номер
Контролно поле BLK
005 - Дата и час на последна редакция
Контролно поле 20230425152522.0
008 - Елементи от данни с фиксирана дължина
fixed length control field 180409b bul|||||r ||||||| ||bul||
010 ## - Наследен системен номер
LC control number KNG00145873000
040 ## - Източник на каталожния запис
Идентификатор на билиотеката - собственик на записа BLK
041 ## - Код за език
Код за езика на текст/звукозапис или на отделно заглавие Български
Код за езика КДБФ Български
080 ## - УДК
Текстов определител УДК Българска литература
УДК код - определител по УДК 821.163.2
УДК определител -93-32
УДК - код + определител 821.163.2-93-32
100 1# - Редна дума - Автор
Автор Григоров, Крум
Авторска отговорност първи автор
Автор - информация (биография) Захариев, Крум Григоров
R(LIN) 377033
139 ## - Редно поле
Редна дума Григоров, Крум
Авторски знак Григ - Г 82
245 10 - Сведения за заглавието
Заглавие Зимни гости
Подзаглавни данни Разказ за деца
Редно поле (дума) Крум Григоров; ил. Кою Денчев; * Крум Григоров Захариев.
257 ## - Страна на издаване
Страна на създаване/издаване България
260 ## - Област на издателските данни
-- София
Име на издателя, разпространителя и проч. Бълг. художник
Година на издаване 1970
300 ## - Физическа характеристика
Страници 16 с.
Илюстрации и др. с ил.
Размери/Мащаб 22 см
380 ## - Жанр
Жанр Детска худож. лит.
490 1# - СЕРИИ (Колекции)
Име на серия Библиотека Златен сноп
№: серия № 14
500 ## - Общи забележки
Забележка Пълното име на авт. е Крум Григоров Захариев. - Кор. опис. - 40 113 тир.
653 ## - Ключова дума – ненормативна
Ключова дума детска литература
653 ## - Ключова дума – ненормативна
Ключова дума литература за деца
700 1# - Други автори (авторска отговорност)
Лично име Денчев, Кою
Пълна форма на името Станчев, Кою Денчев
9 (RLIN) 379198
700 1# - Други автори (авторска отговорност)
Лично име Захариев, Крум Григоров
Автороска отговорност (Описва отношението между автора и произведението) *
9 (RLIN) 276532
852 ## - Местоположение
Форматна сигнатура Цб 260797
856 4# - Електронен адрес и достъп
Електронен формат pdf - файл
Път до файла /url/
856 4# - Електронен адрес и достъп
Електронен формат pdf - файл
Път до файла /url/
942 ## - АРТИКУЛИ
Вид на библиотечния материал Книги
Скрит в OPAC Не
944 ## - СЪЗДАВАНЕ И РЕДАКЦИЯ на ЗАПИСА
Създаване/Редакция Създаване
Дата на регистрацията/редакция 15.07.2013
Статус, дата на статуса 15.07.2013 - от С1,Р / 15.07.2013
Служител, извършил регистрацията/редакцията Ивелин_Иванов
944 ## - СЪЗДАВАНЕ И РЕДАКЦИЯ на ЗАПИСА
Създаване/Редакция Редакция
Дата на регистрацията/редакция 15.07.2013
Статус, дата на статуса 15.07.2013 - от С1,Р / 15.07.2013
Служител, извършил регистрацията/редакцията
999 ## - СИСТЕМНИ КОНТРОЛНИ НОМЕРА
Koha biblionumber 139823
Koha biblioitemnumber 139823
Наличности
Код за отписване Код за изгубен артикул Източник на класификационната схема Код за повреда Коз за рестрикции Код за отдаване Артикулен № Име на библиотеката - собственик Име на библиотеката, в която се намира в момента Статус (Текущо местоположение) Дата на вписване в системата Местоположение - отдел Цена в лева Инвентарен номер Систематично азбучна сигнатура Баркод Номер на екземпляра Цена в евро Служебна бележка Служебен тип на артикула
  Не е изгубен Universal Decimal Classification Не е повреден без рестрикции ползва се в читалня 229056 Регионална библиотека "Любен Каравелов" Русе Регионална библиотека "Любен Каравелов" Русе Хранилище 1970-01-01 Хранилище 0.11 87893 Цб 260797 120000087893 1 0.06 Дост: Dp Вид: Д N: стар фонд Дата: 01.01.1970 Книги
Изтеглен Не е изгубен Universal Decimal Classification Не е повреден без рестрикции заемане за дома 229057 Регионална библиотека "Любен Каравелов" Русе Регионална библиотека "Любен Каравелов" Русе Детски отдел 1970-01-01 Детски отдел 0.11 88879 ДХ 886.7/Г 82 88879 2 0.06 Дост: Pk Вид: Ф N: стар фонд Дата: 01.01.1970 Дата инв: 17.08.2015 Бележки инв: Д2015 Книги
Изтеглен Не е изгубен Universal Decimal Classification Не е повреден без рестрикции заемане за дома 229058 Регионална библиотека "Любен Каравелов" Русе Регионална библиотека "Любен Каравелов" Русе Детски отдел 1970-01-01 Детски отдел 0.11 88881 ДХ 886.7/Г 82 88881 3 0.06 Дост: Pk Вид: Ф N: стар фонд Дата: 01.01.1970 Дата инв: 26.08.2015 Бележки инв: Д2015 Книги
Vip Innovations Ltd, Rousse, Bulgaria 2025